El pais que quedo atras /
Guardado en:
| Autor Principal: | |
|---|---|
| Formato: | Libro |
| Publicado: |
Buenos Aires :
Emece,
1968
|
| Edición: | 2a. reim |
| Materias: | |
| Etiquetas: |
Agregar Etiqueta
Sin Etiquetas, Sea el primero en etiquetar este registro!
|
| LEADER | 00593nam a22002055a 4500 | ||
|---|---|---|---|
| 001 | EHU.bham024897 | ||
| 003 | AR-BHAM | ||
| 005 | 20130508103319.0 | ||
| 008 | 130507s1968##################000#0#####d | ||
| 082 | 9 | 8 | |a 982.06 |
| 100 | 1 | |a Roth, Roberto | |
| 245 | 1 | 0 | |a El pais que quedo atras / |c Roberto Roth |
| 250 | |a 2a. reim | ||
| 260 | |a Buenos Aires : |b Emece, |c 1968 | ||
| 300 | |a 163 p. | ||
| 653 | |a Donacion lejarraga | ||
| 653 | |a Oligarquia | ||
| 653 | |a Partidos politicos-argentina | ||
| 653 | |a Historia argentina contemporanea | ||
| 859 | |a AR-BHAM |b BIB. HUMANIDADES - General |h 982.06 |i R742 |p 629.02 |t Ej.1 | ||
